Obrigado, Snoopy! (Record no. 2030)

MARC details
000 -Etiqueta do registo
Valores 00837nam a2200277 4500
010 ## - Número ISBN
ISBN 9789895831289
021 ## - Número do Depósito Legal
Código do país Portugal
Número 548456/25
100 ## - Dados gerais de processamento
Dados gerais 20260113d2025 b||y0pory50030103ba
101 ## - Língua de publicação
Língua Português
102 ## - País de publicação
País Portugal
200 ## - Titulo e menção de responsabilidade
Título próprio Obrigado, Snoopy!
Primeira menção de responsabilidade texto Charles M. Schulz
Outras menções de responsabilidade adapt. May Nakamura
-- il. Scott Jeralds
-- trad. Luana Castro Azeredo
205 ## - Menção da edição
Edição 1ª edição
210 ## - Publicação
Local de publicação Lisboa
Nome do editor Nuvem de Letras
Data de publicação 2025
215 ## - Descrição física 
Paginação / Volumes [30] p.
Outras indicações físicas il.
Dimensões 24 cm
300 ## - Notas gerais 
Texto da nota BMB-Registado
304 ## - Nota relativa ao título
Texto de nota Tít. orig.: Gobble up, Snoopy
606 ## - Nome comum usado como assunto
ID Autoridade 863
Palavra de ordem Literatura Infantil
675 ## - CDU
Notação 087.5
Edição BMB
Língua por
700 ## - Autor principal (pessoa individual)
Apelido Schulz
Nome Charles
ID Autoridade 2905
Datas 1922-2000
701 ## - Co-autor principal (pessoa individual)
Apelido Nakamura
Nome May
ID Autoridade 2906
Função Adaptador
702 ## - Autor secundário (pessoa individual)
Apelido Jeralds
Nome Scott
Função Ilustrador
ID Autoridade 2907
702 ## - Autor secundário (pessoa individual)
Apelido Azeredo
Nome Luana Castro
Função Tradutor
ID Autoridade 2908
801 ## - Fonte de origem
País PT
Agência BMB
Regras de catalogação RPC
990 ## - Elementos KOHA
Tipo de documento Livro
Holdings
Situação do levantamento Estado Número Biblioteca de origem Código de barras Cota Permissão de empréstimo Tipo de documento Forma de aquisição
    1 Biblioteca Municipal de Borba 1980 087.5 SCH / OBR   Livro Compra
Biblioteca Municipal de Borba

Powered by Koha